The country life picture book of Scotland / (Record no. 37262)

MARC details
000 -LEADER
campo de control de longitud fija 00583nam a2200181 i 4500
001 - NÚMERO DE CONTROL
campo de control 37262
003 - IDENTIFICADOR DE NÚMERO DE CONTROL
campo de control ES-MaACL
005 - FECHA Y HORA DE LA ÚLTIMA TRANSACCIÓN
campo de control 20230906155533.0
007 - CAMPO FIJO DE DESCRIPCIÓN FÍSICA--INFORMACIÓN GENERAL
campo de control de longitud fija t|
008 - DATOS DE LONGITUD FIJA--INFORMACIÓN GENERAL
campo de control de longitud fija 030220s1977 xxk ||||1| eng d
100 1# - ENTRADA PRINCIPAL--NOMBRE DE PERSONA
Nombre de persona Davidson, W. F.
9 (RLIN) 42908
245 14 - MENCIÓN DEL TÍTULO
Título The country life picture book of Scotland /
Mención de responsabilidad, etc. [text by] Lord Tweedsmuir ; photography by W. F. Davidson and R. Thomlinson.
260 ## - PUBLICACIÓN, DISTRIBUCIÓN, ETC.
Lugar de publicación, distribución, etc. [Feltham] :
Nombre del editor, distribuidor, etc. Country Life Books,
Fecha de publicación, distribución, etc. [1977]
300 ## - DESCRIPCIÓN FÍSICA
Extensión 128 p. ;
Dimensiones 31 cm.
700 1# - ENTRADA AGREGADA--NOMBRE PERSONAL
Nombre de persona Davidson, W. F.
9 (RLIN) 42908
700 1# - ENTRADA AGREGADA--NOMBRE PERSONAL
Nombre de persona Thomlinson, R.
9 (RLIN) 110061
852 ## - LOCALIZACIÓN
Ubicación ES-MaACL
Número de control de estantería A-7515
Sublocalización o colección R.96663
Holdings
Estatus retirado Estado de pérdida Estado de daño No para préstamo Biblioteca de origen Biblioteca actual Ubicación en estantería Fecha de adquisición Fuente de adquisición Total de préstamos Signatura topográfica completa Código de barras Visto por última vez Precio de reemplazo Tipo de ítem Koha
        Biblioteca del Ateneo de Madrid Biblioteca del Ateneo de Madrid Sala Pecera Planta 1 17/01/2008     A-7515 1039211 23/02/2023 23/02/2023 Libro impreso